Poema de Mío Cid / (Record no. 122034)

MARC details
000 -LEADER
campo de control de longitud fija 01152nam a2200265 i 4500
001 - NÚMERO DE CONTROL
campo de control 122034
003 - IDENTIFICADOR DE NÚMERO DE CONTROL
campo de control ES-MaACL
005 - FECHA Y HORA DE LA ÚLTIMA TRANSACCIÓN
campo de control 20230906191908.0
007 - CAMPO FIJO DE DESCRIPCIÓN FÍSICA--INFORMACIÓN GENERAL
campo de control de longitud fija t|
008 - DATOS DE LONGITUD FIJA--INFORMACIÓN GENERAL
campo de control de longitud fija 070214s1982 sp ah |||| | spa d
080 ## - NÚMERO DE LA CLASIFICACIÓN DECIMAL UNIVERSAL
Número de la Clasificación Decimal Universal 860-13"11":091(460.27 M.-81)B.N.07
130 0# - ENTRADA PRINCIPAL--TÍTULO UNIFORME
Título uniforme Poema del Cid.
9 (RLIN) 123904
245 10 - MENCIÓN DEL TÍTULO
Título Poema de Mío Cid /
Mención de responsabilidad, etc. [José Mª Peña San Martín ... (et al.)].
250 ## - MENCION DE EDICION
Mención de edición Ed. facs.
260 ## - PUBLICACIÓN, DISTRIBUCIÓN, ETC.
Lugar de publicación, distribución, etc. Burgos :
Nombre del editor, distribuidor, etc. Ayuntamiento,
Fecha de publicación, distribución, etc. 1982.
300 ## - DESCRIPCIÓN FÍSICA
Extensión 2 v. :
Otras características físicas il., facs. ;
Dimensiones 24 cm.
505 8# - NOTA DE CONTENIDO CON FORMATO
Nota de contenido con formato Contiene: I ;
Título Edición facsímil del manuscrito del Marqués de Pidal, depositado en la Biblioteca Nacional - II ;
-- Transcripción y versión del códice ;
-- La lingüística del poema ;
-- El Cid histórico ;
-- El Cid literario ;
-- Estudio bibliográfico ;
-- Interpretación artística del poema
610 #0 - PUNTO DE ACCESO ADICIONAL DE MATERIA--NOMBRE DE ENTIDAD CORPORATIVA
Nombre de entidad corporativa o nombre de jurisdicción como elemento de entrada Biblioteca Nacional (España).
Subencabezamiento de forma Manuscrito.
Número del congreso/reunión o número de parte o sección (Vit. 7-17)-
Subdivisión de forma Facsímiles
9 (RLIN) 218856
630 04 - PUNTO DE ACCESO ADICIONAL DE MATERIA--TÍTULO UNIFORME
Título uniforme Poema del Cid-
Subdivisión general Crítica e interpretación.
9 (RLIN) 123906
655 #7 - TERMINO DE INDIZACIÓN--GENERO/FORMA
Fuente del término tgfbne
9 (RLIN) 226495
Datos o término principal de género/forma Facsímiles
710 2# - ENTRADA AGREGADA--NOMBRE DE ENTIDAD CORPORATIVA
Nombre de entidad corporativa o nombre de jurisdicción como elemento de entrada Burgos.
Unidad subordinada Ayuntamiento.
9 (RLIN) 2257
852 ## - LOCALIZACIÓN
Ubicación ES-MaACL
Número de control de estantería L-6086-87
942 ## - ELEMENTOS DE ENTRADA SECUNDARIOS (KOHA)
Fuente del sistema de clasificación o colocación Clasificación decimal universal
Holdings
Estatus retirado Estado de pérdida Estado de daño No para préstamo Biblioteca de origen Biblioteca actual Ubicación en estantería Fecha de adquisición Fuente de adquisición Total de préstamos Signatura topográfica completa Código de barras Visto por última vez Precio de reemplazo Tipo de ítem Koha
        Biblioteca del Ateneo de Madrid Biblioteca del Ateneo de Madrid Depósito 2 17/01/2008     L-6086-87 1127173 23/02/2023 23/02/2023 Libro impreso